<?xml version="1.0" encoding="UTF-8"?>
<collection xmlns="http://www.loc.gov/MARC21/slim">
  <record>
    <leader>00000nam  2200000   4500</leader>
    <controlfield tag="001">INLIS000000000002707</controlfield>
    <controlfield tag="005">20180724150255</controlfield>
    <controlfield tag="008">180724|||||||||   |   |||   |||| ||   | </controlfield>
    <datafield tag="035" ind1=" " ind2=" ">
      <subfield code="0">010-0718002707</subfield>
    </datafield>
    <datafield tag="041" ind1=" " ind2=" ">
      <subfield code="a">id</subfield>
    </datafield>
    <datafield tag="082" ind1=" " ind2=" ">
      <subfield code="a">R. 064</subfield>
    </datafield>
    <datafield tag="090" ind1=" " ind2=" ">
      <subfield code="a">R. 064 PIM I Angkatan XXXVII 2017</subfield>
    </datafield>
    <datafield tag="100" ind1=" " ind2=" ">
      <subfield code="a">Suryantoro</subfield>
    </datafield>
    <datafield tag="245" ind1=" " ind2=" ">
      <subfield code="a">Penguasaan IPTEK Nuklir Di Bidang Industri Melalui Pembangunan Reaktor Daya Eksperimental (RDE)</subfield>
    </datafield>
    <datafield tag="260" ind1=" " ind2=" ">
      <subfield code="a">Jakarta</subfield>
      <subfield code="b">LAN Jakarta</subfield>
      <subfield code="c">2017</subfield>
    </datafield>
    <datafield tag="300" ind1=" " ind2=" ">
      <subfield code="a">vi; 23 hlm.; Lam.; 30 cm</subfield>
    </datafield>
    <datafield tag="500" ind1=" " ind2=" ">
      <subfield code="a">Proyek Perubahan Penguasaan IPTEK Nuklir Di Bidang Industri Melalui Pembangunan Reaktor Daya Eksperimental (RDE) untuk pencapaian tujuan nasional terkait dengan kemandirian energi nasional dan peningkatan kesejahteraan masyarakat serta dijadikannya Indonesia sebagai negara tujuan untuk pembelajaran Iptek Nuklir khususnya di bidang energi dengan sistem RDE.</subfield>
    </datafield>
    <datafield tag="650" ind1=" " ind2=" ">
      <subfield code="a">IPTEK Nuklir</subfield>
    </datafield>
  </record>
</collection>
